| Tag |
First Indicator |
Second Indicator |
Subfields |
| LEADER |
00000cam a22000001 4500 |
| 001 |
in00000053832 |
| 005 |
20151008050904.0 |
| 008 |
740625s1966 nyu b 00010 eng |
| 010 |
|
|
|a 66028265
|
| 035 |
|
|
|a (OCoLC)00234513
|
| 035 |
|
|
|9 AAG4070AM
|
| 040 |
|
|
|a DLC
|c DLC
|d TXA
|d UtOrBLW
|
| 043 |
|
|
|a n-us---
|
| 049 |
|
|
|a TXAM
|c [466983]
|
| 050 |
0 |
0 |
|a HD9981.5
|b .G7
|
| 082 |
0 |
|
|a 338.40973
|
| 092 |
|
|
|a 338.4
|b G812m
|
| 100 |
1 |
|
|a Greenfield, Harry I.,
|d 1922-
|
| 245 |
1 |
0 |
|a Manpower and the growth of producer services /
|c by Harry I. Greenfield. Foreword by Eli Ginzberg.
|
| 264 |
|
1 |
|a New York :
|b Columbia University Press,
|c 1966.
|
| 300 |
|
|
|a xiv, 144 pages ;
|c 23 cm.
|
| 336 |
|
|
|a text
|b txt
|2 rdacontent
|
| 337 |
|
|
|a unmediated
|b n
|2 rdamedia
|
| 338 |
|
|
|a volume
|b nc
|2 rdacarrier
|
| 500 |
|
|
|a Prepared under a contract between the Conservation of Human Resources Project of Columbia University and the Office of Manpower Policy, Evaluation, and Research of the U.S. Dept. of Labor.
|
| 504 |
|
|
|a Bibliography: pages [133]-136.
|
| 650 |
|
0 |
|a Service industries
|z United States.
|
| 650 |
|
0 |
|a Labor supply
|z United States.
|
| 999 |
|
|
|a MARS
|
| 999 |
f |
f |
|s e78eefe3-aa10-34c1-b118-80575c12244c
|i ac4461e1-f8a4-3018-904f-0dae959125e9
|t 0
|
| 952 |
f |
f |
|p ric
|a Texas A&M University
|b Rellis Campus
|c Joint Library Facility
|d Remote Storage
|t 0
|e HD9981.5 .G7
|h Library of Congress classification
|i unmediated -- volume
|m A14800764635
|
| 998 |
f |
f |
|a HD9981.5 .G7
|t 0
|l Remote Storage
|